20 Random Capitals by Consonants - Statistics

General Stats
  • This quiz has been taken 18 times
  • The average score is 16 of 20
Answer Stats
Consonants Capital % Correct
BDHB {Abu} {Dhabi}
100%
DDSBB {Addis} {Ababa}
100%
MSTRDM {Amsterdam}
100%
NDRRLVLL {Andorra} {la} {Vella}
100%
NTNNRV {Antananarivo}
100%
SHGBT {Ashgabat}
100%
SMR {Asmara}
100%
THNS {Athens}
100%
BGHDD {Baghdad}
100%
BMK {Bamako}
100%
BNDRSRBGWN {Bandar} {Seri} {Begawan}
100%
BNJL {Banjul}
100%
BSSTRR {Basseterre}
100%
BJNG {Beijing}
100%
BRT {Beirut}
100%
BLMPN {Belmopan}
100%
BRN {Bern}
100%
BSHKK {Bishkek}
100%
BGT {Bogotá}
100%
BRSL {Brasília}
100%
BRTSLV {Bratislava}
100%
BRDGTWN {Bridgetown}
100%
BRSSLS {Brussels}
100%
BDPST {Budapest}
100%
CNBRR {Canberra}
100%
CRCS {Caracas}
100%
CSTRS {Castries}
100%
CHSN {Chișinău}
100%
CNKR {Conakry}
100%
CPNHGN {Copenhagen}
100%
DMSCS {Damascus}
100%
DL {Dili}
100%
DDM {Dodoma}
100%
DBLN {Dublin}
100%
DSHNB {Dushanbe}
100%
GBRN {Gaborone}
100%
GRGTWN {Georgetown}
100%
GTG {Gitega}
100%
GTMLCT {Guatemala} {City}
100%
HVN {Havana}
100%
HLSNK {Helsinki}
100%
JKRT {Jakarta}
100%
JRSLM {Jerusalem}
100%
JB {Juba}
100%
KMPL {Kampala}
100%
KHRTM {Khartoum}
100%
KGL {Kigali}
100%
KNGSTN {Kingston}
100%
KNGSTWN {Kingstown}
100%
KV {Kyiv}
100%
LPZ {La} {Paz}
100%
LBRVLL {Libreville}
100%
LLNGW {Lilongwe}
100%
LJBLJN {Ljubljana}
100%
LNDN {London}
100%
MDRD {Madrid}
100%
ML {Malé}
100%
MNG {Managua}
100%
MNM {Manama}
100%
MNL {Manila}
100%
MPT {Maputo}
100%
MXCCT {Mexico} {City}
100%
MGDSH {Mogadishu}
100%
MNTVD {Montevideo}
100%
NRB {Nairobi}
100%
NPYDW {Naypyidaw}
100%
NWDLH {New} {Delhi}
100%
NGRLMD {Ngerulmud}
100%
NCS {Nicosia}
100%
NKCHTT {Nouakchott}
100%
TTW {Ottawa}
100%
GDG {Ouagadougou}
100%
PRS {Paris}
100%
PHNMPNH {Phnom} {Penh}
100%
PDGRC {Podgorica}
100%
PRTPRNC {Port-au-Prince}
100%
PRTLS {Port} {Louis}
100%
PRTVL {Port} {Vila}
100%
PYNGYNG {Pyongyang}
100%
QT {Quito}
100%
RKJVK {Reykjavík}
100%
RG {Riga}
100%
RYDH {Riyadh}
100%
RM {Rome}
100%
SN {Sana'a}
100%
SNMRN {San} {Marino}
100%
SNSLVDR {San} {Salvador}
100%
SRJV {Sarajevo}
100%
SNGPR {Singapore}
100%
SKPJ {Skopje}
100%
STCKHLM {Stockholm}
100%
SV {Suva}
100%
TLLNN {Tallinn}
100%
TSHKNT {Tashkent}
100%
TBLS {Tbilisi}
100%
TGCGLP {Tegucigalpa}
100%
THMPH {Thimphu}
100%
TKY {Tokyo}
100%
TNS {Tunis}
100%
VDZ {Vaduz}
100%
VLLTT {Valletta}
100%
VTCNCT {Vatican} {City}
100%
VCTR {Victoria}
100%
VNN {Vienna}
100%
VNTN {Vientiane}
100%
WRSW {Warsaw}
100%
WSHNGTN {Washington D.C.}
100%
WLLNGTN {Wellington}
100%
WNDHK {Windhoek}
100%
YMSSKR {Yamoussoukro}
100%
YRN {Yaren}
100%
YRVN {Yerevan}
100%
ZGRB {Zagreb}
100%
SNTJHNS {Saint} {John's}
80%
LGRS {Algiers}
75%
DKR {Dakar}
75%
DH {Doha}
75%
KWTCT {Kuwait City}
75%
PR {Praia}
75%
MJR {Majuro}
71%
MMN {Amman}
67%
STN {Astana}
67%
SLMBD {Islamabad}
67%
NM {Niamey}
67%
SNTG {Santiago}
67%
YND {Yaoundé}
67%
KBL {Kabul}
60%
CCR {Accra}
50%
BNG {Bangui}
50%
BRLN {Berlin}
50%
CR {Cairo}
50%
CTN {Cotonou}
50%
MLB {Malabo}
50%
NSS {Nassau}
50%
PLKR {Palikir}
50%
PRTNV {Porto-Novo}
50%
PRTR {Pretoria}
50%
TRN {Tirana}
50%
VLNS {Vilnius}
50%
FNFT {Funafuti}
33%
MSCT {Muscat}
33%
PRTFSPN {Port-of-Spain}
33%
BJ {Abuja}
0%
NKR {Ankara}
0%
P {Apia}
0%
SNCN {Asunción}
0%
BK {Baku}
0%
BNGKK {Bangkok}
0%
BLGRD {Belgrade}
0%
BSS {Bissau}
0%
BLMFNTN {Bloemfontein}
0%
BRZZVLL {Brazzaville}
0%
BCHRST {Bucharest}
0%
BNSARS {Buenos} {Aires}
0%
CPTWN {Cape} {Town}
0%
DHK {Dhaka}
0%
DJBT {Djibouti}
0%
FRTWN {Freetown}
0%
HN {Hanoi}
0%
HRR {Harare}
0%
HNR {Honiara}
0%
KTHMND {Kathmandu}
0%
KNSHS {Kinshasa}
0%
KLLMPR {Kuala} {Lumpur}
0%
LM {Lima} / {Lomé}
0%
LSBN {Lisbon}
0%
LND {Luanda}
0%
LSK {Lusaka}
0%
LXMBRG {Luxembourg}
0%
MSR {Maseru}
0%
MBBN {Mbabane}
0%
MNSK {Minsk}
0%
MNC {Monaco}
0%
MNRV {Monrovia}
0%
MRN {Moroni}
0%
MSCW {Moscow}
0%
NDJMN {N'Djamena}
0%
NKLF {Nukuʻalofa}
0%
SL {Oslo} / {Seoul}
0%
PNMCT {Panama} {City}
0%
PRMRB {Paramaribo}
0%
PRTMRSB {Port} {Moresby}
0%
PRG {Prague}
0%
PRSTN {Pristina}
0%
RBT {Rabat}
0%
RS {Roseau}
0%
SNTGRGS {Saint} {George's}
0%
SNJS {San} {José}
0%
SNTDMNG {Santo} {Domingo}
0%
STM {São} {Tomé}
0%
SF {Sofia}
0%
STHTRW {South} {Tarawa}
0%
SRJYWRDNPRKTT {Sri} {Jayawardenepura} {Kotte}
0%
SCR {Sucre}
0%
TP {Taipei}
0%
THRN {Tehran}
0%
TRPL {Tripoli}
0%
LNBTR {Ulaanbaatar}
0%
No matching quizzes found
Score Distribution
Percent of People with Each Score
Percentile by Number Answered
Your Score History
You have not taken this quiz